|
|
|
|
| LEADER |
00706nam a2200193i 4500 |
| 001 |
c000056507 |
| 003 |
CARM |
| 005 |
00000000000000.0 |
| 019 |
1 |
|
|a 4417585
|5 LACONCORD2021
|
| 020 |
|
|
|a 0949269352
|
| 035 |
|
|
|a (OCoLC)219956429
|5 LACONCORD2021
|
| 100 |
1 |
|
|a Shand, Mark.
|
| 245 |
1 |
0 |
|a Algorithms for corner stitched data structures /
|c by Mark A. Shand.
|
| 260 |
|
|
|a Sydney :
|b Basser Dept. of Computer Science,
|c 1985.
|
| 300 |
|
|
|a 22 p.
|
| 490 |
|
|
|a Technical report 268.
|
| 852 |
8 |
|
|b CARM
|h A2:AI38C0
|i B04390
|p 0201302
|f BK
|
| 999 |
f |
f |
|i 04f5418a-10c1-5d94-a8d2-177ad8013ea6
|s 13ce8599-b353-5dd0-8dbf-df58fdec0abe
|
| 952 |
f |
f |
|p Can circulate
|a CAVAL
|b CAVAL
|c CAVAL
|d CARM 1 Store
|e B04390
|f A2:AI38C0
|h Other scheme
|i book
|m 0201302
|